Lenguaje y comunicación: programa de estudio sexto año básico NB4
Сохранить в:
| Соавтор: | |
|---|---|
| Формат: | |
| Язык: | испанский |
| Опубликовано: |
Santiago
Ministerio de Educación
1999
|
| Серии: | Educación Básica, 6
|
| Предметы: | |
| Метки: |
Добавить метку
Нет меток, Требуется 1-ая метка записи!
|
MARC
| LEADER | 00000nam a2200000 a 4500 | ||
|---|---|---|---|
| 001 | UCP9510 | ||
| 003 | CL-VaPUC | ||
| 008 | 000331e19990000CL |||||||||||||||||spa|d | ||
| 020 | |a 956793312X | ||
| 082 | 0 | 4 | |a 372.6 |b MIN |2 21 |
| 110 | |a Ministerio de Educación |e author |9 455734 | ||
| 245 | 1 | 0 | |a Lenguaje y comunicación: programa de estudio sexto año básico NB4 |
| 300 | |a 183 p | ||
| 942 | |c BK | ||
| 945 | |d 20000331 00:00:00 |a rbrito | ||
| 260 | |a Santiago |b Ministerio de Educación |c 1999 | ||
| 650 | 0 | |a Enseñanza del español |9 339826 | |
| 650 | 0 | |a Métodos de enseñanza |9 270413 | |
| 650 | 0 | |a Educación básica |9 224933 | |
| 583 | |a last modification |c 20140401 06:45:55 |k Rodrigo Vera | ||
| 490 | 0 | |a Educación Básica, 6 | |
| 999 | |c 286322 |d 286320 | ||
| 952 | |0 0 |1 0 |4 0 |6 372_600000000000000_MIN_1999 |7 0 |8 R |9 332055 |a BIBEDU |b BIBEDU |d 2019-11-20 |i 3597377 |o 372.6 MIN 1999 |p 3597377 |r 2019-11-20 |w 2019-11-20 |y BK_R |k BME | ||
| 952 | |0 0 |1 0 |4 0 |6 372_600000000000000_MIN_1999 |7 0 |8 R |9 332057 |a BIBEDU |b BIBEDU |d 2019-11-20 |i 3778169 |o 372.6 MIN 1999 |p 3778169 |r 2019-11-20 |w 2019-11-20 |y BK_R |k EPE | ||
| 952 | |0 0 |1 0 |4 0 |6 372_600000000000000_MIN_1999 |7 0 |8 R |9 332059 |a BIBEDU |b BIBEDU |d 2019-11-20 |i 4277546 |o 372.6 MIN 1999 |p 4277546 |r 2019-11-20 |w 2019-11-20 |y BK_R |k EBA | ||